000 00539nam a2200217 a 4500
999 _c4121
_d4121
001 4121
003 BD-JhCC
005 20171123092931.0
008 171123s1960 e a|||| ||a| 000 0 eng d
035 _a(BD-JhCC)4121
040 _aBD-JhCC
_dBD-JhCC
041 _aeng
082 _a428.6
_bFOR 1960
100 _aForrester, J. F.
245 _aCrescent Readers /
_cJ. F. Forrester,
260 _aLondon :
_bOxford University Press,
_c1960
300 _a135 p. :
_c18 cm.
650 _aReaders
942 _2ddc
_cBK